000 00342nam a2200109Ia 4500
008 201231s9999 xx 000 0 und d
100 _aMathew, K. S.(Ed.)
245 0 _aShip - Building and Navigation in the Indian Ocean Region (AD 1400 - 1800)
260 _aNew Delhi
_bMunshiram Manoharlal Publishers Pvt. Ltd.
300 _a179
942 _cBK
999 _c9596
_d9596